Konkurencieschopnosť ekonomiky zoči-voči globalizácii

Konkurencieschopnosť hospodárstva krajiny má podstatný význam pre prosperitu jej obyvateľov. Kľúčové faktory konkurencieschopnosti. Fenomén globalizácie.

Salvato in:
Dettagli Bibliografici
Autore principale: Daniš, Viliam
Natura: Capitolo di libro
Lingua:slovacco
Soggetti:
Tags: Aggiungi Tag
Nessun Tag, puoi essere il primo ad aggiungerne!!

MARC

LEADER 00000naa a2200000 4500
001 r042012
005 20230801100039.0
041 0 |a slo 
044 |a SK 
245 1 0 |a Konkurencieschopnosť ekonomiky zoči-voči globalizácii  |c Viliam Daniš 
520 |a Konkurencieschopnosť hospodárstva krajiny má podstatný význam pre prosperitu jej obyvateľov. Kľúčové faktory konkurencieschopnosti. Fenomén globalizácie. 
610 2 0 |a konkurencieschopnosť 
610 2 0 |a globalizácia 
610 2 0 |a globalizácia hospodárstva 
610 2 0 |a Európska únia 
100 1 |a Daniš, Viliam